000 00560nam a2200181Ia 4500
005 20250508162026.0
008 008 250505s9999 xx 000 0 eng d
037 _aBooks to be hide in OPAC
040 _aFEDL
_beng
_cFEDL
041 _aeng
_2eng
084 _a371.911, UNI/O
_qFEDL
100 _aGraham Milton D
_9772086
245 0 _aMultiply-imparied blind children : A national problem
260 _aNew York, USA
_bAmerican Foundation for the Blind
_c1968
300 _a82p
942 _cHB
_h371.911, UNI/O
999 _c1373908
_d1373908